Indahnya berkongsi kasih

Bibliographic Details
Main Author: Ustaz Yusri Abd.Karim
Format: Book
Published: Selangor : Yamani Angle Publisher , 2014
Subjects:

MARC

LEADER 00000cam a2200000 7i4500
001 0000043584
005 20141130.0
008 141130
020 |a 9670525365 
090 0 0 |a 297.577   |b YUS 
100 1 |a Ustaz Yusri Abd.Karim 
245 1 0 |a Indahnya berkongsi kasih   |c Ustaz Yusri Abd.Karim 
260 |a Selangor :   |b Yamani Angle Publisher ,   |c 2014 
650 0 |a Husband and wife   |x marriage.. 
999 |a 0001310505   |b Book   |c Adult Collection   |e Cawangan Mersing 
999 |a 0001310506   |b Book   |c Adult Collection   |e Cawangan Bandar Tenggara 
999 |a 0001310507   |b Book   |c Adult Collection   |e Cawangan Tmn. Ungku Tun Aminah 
999 |a 0001310508   |b Book   |c Adult Collection   |e Cawangan Tangkak 
999 |a 0001310509   |b Book   |c Annual Reports   |e Cawangan Kota Tinggi 
999 |a 0001310510   |b Book   |c Adult Collection   |e Cawangan Bukit Gambir 
999 |a 0001310511   |b Book   |c Adult Collection   |e Cawangan Taman Sri Lambak 
999 |a 0001310512   |b Book   |c Adult Collection   |e Cawangan Batu Pahat 
999 |a 0001310513   |b Book   |c Adult Collection   |e Cawangan Muar 
999 |a 0001310515   |b Book   |c Adult Collection   |e Cawangan Segamat 
999 |a 0001310516   |b Book   |c Adult Collection   |e Cawangan Pontian 
999 |a 0001310517   |b Book   |c Adult Collection   |e Cawangan Tangkak 
999 |a 0001310776   |b Book   |c Adult Collection   |e Perbadanan Perpustakaan Awam Johor 
999 |a 0001310777   |b Book   |c Adult Collection   |e Perbadanan Perpustakaan Awam Johor 
999 |a 0001310778   |b Book   |c Adult Collection   |e Cawangan Urban Transformation Centre 
999 |a 0001310779   |b Book   |c Adult Collection   |e Cawangan AEON Kulaijaya 
999 |a 1310513   |b Book   |c Adult Collection   |e Cawangan Muar